[Event "Ideal Clave op 7th"]
[Site "Barcelona"]
[Date "2001.11.24"]
[Round "8"]
[White "Garcia, G."]
[Black "Alsina, Jorge"]
[Result "1/2-1/2"]
[WhiteElo "1920"]
[BlackElo "1990"]
[PlyCount "196"]
[EventDate "2001.09.29"]
[EventType "swiss"]
[EventRounds "8"]
[EventCountry "ESP"]
[SourceTitle "EXT 2003"]
[Source "ChessBase"]
[SourceDate "2002.11.25"]
[SourceVersion "1"]
[SourceVersionDate "2002.11.25"]
[SourceQuality "1"]

1. d4 Nf6 2. Nf3 g6 3. Bg5 Bg7 4. Nbd2 0-0 5. e4 d6 6. c3 Nbd7 7. Be2 c5 8. 0-0 b6 9. Re1 Bb7 10. Bf1 h6 11. Bh4 g5 12. Bg3 Nh5 13. Nb3 Nxg3 14. hxg3 Qc7 15. dxc5 dxc5 16. Qc2 Rad8 17. Nbd2 e6 18. a4 a5 19. Rad1 Nf6 20. Bc4 Ng4 21. Ba2 Ba6 22. Nc4 Bxc4 23. Bxc4 Ne5 24. Ba2 Ng4 25. Bb1 f5 26. Ba2 c4 27. Qe2 Rc8 28. Nd4 Rfe8 29. Nb5 Qf7 30. Nd6 Qh5 31. Qc2 Qh2+ 32. Kf1 Qh1+ 33. Ke2 Qxg2 34. Kd2 Nxf2 35. Kc1 Nd3+ 36. Rxd3 Qxc2+ 37. Kxc2 cxd3+ 38. Kd2 Rcd8 39. Nxe8 Rxe8 40. exf5 Kf8 41. fxe6 Ke7 42. Rf1 Rf8 43. Rxf8 Bxf8 44. g4 Kf6 45. b4 axb4 46. cxb4 Bxb4+ 47. Kxd3 Be1 48. Ke4 Bb4 49. Kd5 Ke7 50. Kc6 Ba5 51. Bc4 Ke8 52. Kd6 Bb4+ 53. Ke5 Ke7 54. Kf5 Bd2 55. Kg6 Be3 56. Kxh6 Bf4 57. Kg6 Be3 58. Kf5 Bd2 59. Ke5 Be1 60. Kd5 Bf2 61. Kc6 Be3 62. Kc7 Bd4 63. Kc6 Be3 64. Kb5 Bd4 65. Bd5 Be3 66. Kc4 Bd2 67. Kd4 Bf4 68. Kc4 Be3 69. Kb5 Bd4 70. Bb3 Be3 71. Kc6 Bd4 72. Kd5 Be3 73. Ke5 Bd2 74. Kd4 Bf4 75. Kc4 Be3 76. Kb5 Bd4 77. Bc4 Be3 78. Kc6 Bd4 79. Kd5 Be3 80. Bb5 Bd2 81. Bd7 Be3 82. Kc6 Bd4 83. Kb5 Be3 84. a5 bxa5 85. Kxa5 Bd2+ 86. Kb5 Be3 87. Kc4 Bd2 88. Kd3 Bc1 89. Ke4 Bd2 90. Kf5 Bc1 91. Ke5 Bd2 92. Ba4 Bc1 93. Bb3 Bd2 94. Kf5 Bc1 95. Kg6 Bd2 96. Kf5 Bc1 97. Kg6 Bd2 98. Kf5 Bc1 1/2-1/2

[Event "Ideal Clave op 7th"]
[Site "Barcelona"]
[Date "2001.10.27"]
[Round "4"]
[White "Bertolin Escriche, Tomas"]
[Black "Alsina, Jorge"]
[Result "1/2-1/2"]
[WhiteElo "1925"]
[BlackElo "1990"]
[PlyCount "57"]
[EventDate "2001.09.29"]
[EventType "swiss"]
[EventRounds "8"]
[EventCountry "ESP"]
[SourceTitle "EXT 2003"]
[Source "ChessBase"]
[SourceDate "2002.11.25"]
[SourceVersion "1"]
[SourceVersionDate "2002.11.25"]
[SourceQuality "1"]

1. Nf3 Nf6 2. b3 g6 3. Bb2 Bg7 4. g3 0-0 5. Bg2 Nc6 6. 0-0 d6 7. d3 e5 8. Nbd2 Rb8 9. a3 Bg4 10. h3 Bd7 11. c4 Qc8 12. Kh2 Re8 13. Rc1 h6 14. e4 b6 15. Nh4 Ne7 16. f4 exf4 17. Bxf6 Bxf6 18. Rxf4 Be5 19. Rf2 Rf8 20. Ndf3 Bg7 21. g4 Nc6 22. d4 Qd8 23. d5 Ne5 24. Kh1 Bf6 25. Nxe5 Bxh4 26. Nxd7 Qxd7 27. Rf3 Rbe8 28. Qd3 Re5 29. Rd1 1/2-1/2

[Event "Ideal Clave op 7th"]
[Site "Barcelona"]
[Date "2001.10.20"]
[Round "3"]
[White "Alsina, Jorge"]
[Black "Sanchez Guerrero, Cesar"]
[Result "1/2-1/2"]
[WhiteElo "1990"]
[BlackElo "1935"]
[PlyCount "99"]
[EventDate "2001.09.29"]
[EventType "swiss"]
[EventRounds "8"]
[EventCountry "ESP"]
[SourceTitle "EXT 2003"]
[Source "ChessBase"]
[SourceDate "2002.11.25"]
[SourceVersion "1"]
[SourceVersionDate "2002.11.25"]
[SourceQuality "1"]

1. d4 Nf6 2. c4 e5 3. dxe5 Ne4 4. Qc2 Bb4+ 5. Bd2 Nxd2 6. Nxd2 Nc6 7. Ngf3 Qe7 8. a3 Bxd2+ 9. Qxd2 Nxe5 10. Nxe5 Qxe5 11. e3 b6 12. Qd4 d6 13. Bd3 Bb7 14. 0-0 0-0 15. Qxe5 dxe5 16. Rfd1 c5 17. Rd2 Rfd8 18. Rad1 Kf8 19. f3 Ke7 20. Kf2 Rd6 21. Bc2 Rad8 22. Ke2 Rxd2+ 23. Rxd2 Rxd2+ 24. Kxd2 Ke6 25. e4 Bc6 26. Bd3 f5 27. Ke3 f4+ 28. Kf2 Kd6 29. Ke2 g5 30. Kf2 Kc7 31. Ke2 Kb7 32. Kd2 Bd7 33. h3 h5 34. Be2 Ka6 35. Kc3 Ka5 36. Bd1 b5 37. b4+ Kb6 38. Be2 a6 39. Kb3 bxc4+ 40. Bxc4 g4 41. hxg4 hxg4 42. bxc5+ Ka5 43. fxg4 Bxg4 44. Bf1 Bd7 45. Kc3 Bc6 46. Bd3 Ka4 47. Kb2 a5 48. Bc2+ Kb5 49. Kc3 Kxc5 50. Bd3 1/2-1/2